000 00723cam a22002295a 4500
001 L152712
008 110418s2010 xxka f 000 0 eng d
020 _a9781847080981
035 _a(Sirsi) u152712
041 0 _aeng
050 0 4 _a526.98 $2 18
100 1 _aHewitt, Rachel
245 0 0 _aMap of a nation
_ba biography of the ordanance survey
260 _aLondon
_bGranta
_c2010
300 _axxvii, 436p.
_bill.
_c24cm.
520 _aSets out the development of the Ordnance Survey, and the individuals involved in its creation.
521 _aAdvanced
590 _aKA
651 4 _aUnited Kingdom
_y
690 _aENVIRONMENTAL AND LAND CONSULTANCY-GEOMATICS-MAPPING AND POSITIONING-CARTOGRAPHY
942 _n0
999 _c112178
_d112178